Visualizzazione normale
Vista MARC
- Monti Elvio
di Personal Name
Records bibliografici associati: 1
001 - CONTROL NUMBER
- control field: 3947
003 - CONTROL NUMBER IDENTIFIER
- control field: IT-RoPau
005 - DATE AND TIME OF LATEST TRANSACTION
- control field: 20131127112609.0
008 - FIXED-LENGTH DATA ELEMENTS
- fixed length control field: 131127|| aca||aabn | a|a d
040 ## - CATALOGING SOURCE
- Original cataloging agency: IT-RoPau
- Transcribing agency: IT-RoPau
100 ## - HEADING--PERSONAL NAME
- Personal name: Monti Elvio
- Relator term: Autore musica
- Miscellaneous information: Codice autore musica SPICS: 11030
- Name of part/section of a work: Pastorale festosa
670 ## - SOURCE DATA FOUND
- Source citation: Work cat.: (IT-RoPau)101985: Lanzoni Paolo 777, Celebriamo il Natale (Lp Sl 30.71)